Ramón Gómez de la Serna en sus obras / (Record no. 38693)

MARC details
000 -LEADER
campo de control de longitud fija 00603nam a2200181 i 4500
001 - NÚMERO DE CONTROL
campo de control 38693
003 - IDENTIFICADOR DE NÚMERO DE CONTROL
campo de control ES-MaACL
005 - FECHA Y HORA DE LA ÚLTIMA TRANSACCIÓN
campo de control 20231205191405.0
007 - CAMPO FIJO DE DESCRIPCIÓN FÍSICA--INFORMACIÓN GENERAL
campo de control de longitud fija t|
008 - DATOS DE LONGITUD FIJA--INFORMACIÓN GENERAL
campo de control de longitud fija 030226s1972 sp ||||1| spa d
100 1# - ENTRADA PRINCIPAL--NOMBRE DE PERSONA
Nombre de persona Camón Aznar, José,
Fechas asociadas al nombre 1898-1979
9 (RLIN) 34095
245 10 - MENCIÓN DEL TÍTULO
Título Ramón Gómez de la Serna en sus obras /
Mención de responsabilidad, etc. José Camón Aznar ; prólogo de Julio Gómez de la Serna.
260 ## - PUBLICACIÓN, DISTRIBUCIÓN, ETC.
Lugar de publicación, distribución, etc. Madrid :
Nombre del editor, distribuidor, etc. Espasa-Calpe,
Fecha de publicación, distribución, etc. 1972.
300 ## - DESCRIPCIÓN FÍSICA
Extensión 535 p., 22 lám. ;
Dimensiones 23 cm.
700 1# - ENTRADA AGREGADA--NOMBRE PERSONAL
Nombre de persona Gómez de la Serna, Julio,
Fechas asociadas al nombre 1895-1983
9 (RLIN) 57899
852 ## - LOCALIZACIÓN
Ubicación ES-MaACL
Número de control de estantería C-49717
Sublocalización o colección R.84748
Holdings
Estatus retirado Estado de pérdida Estado de daño No para préstamo Biblioteca de origen Biblioteca actual Ubicación en estantería Fecha de adquisición Fuente de adquisición Total de préstamos Signatura topográfica completa Código de barras Visto por última vez Precio de reemplazo Tipo de ítem Koha
        Biblioteca del Ateneo de Madrid Biblioteca del Ateneo de Madrid Depósito 2 17/01/2008     C-49717 1040746 23/02/2023 23/02/2023 Libro impreso